Visualizzazione normale
Vista MARC
- Selleri Aldo
di Personal Name
Records bibliografici associati: 1
001 - CONTROL NUMBER
- control field: 39072
003 - CONTROL NUMBER IDENTIFIER
- control field: IT-RoPau
005 - DATE AND TIME OF LATEST TRANSACTION
- control field: 20151126091414.0
008 - FIXED-LENGTH DATA ELEMENTS
- fixed length control field: 151126|| aca||aabn | a|a d
040 ## - CATALOGING SOURCE
- Original cataloging agency: IT-RoPau
- Transcribing agency: IT-RoPau
100 ## - HEADING--PERSONAL NAME
- Personal name: Selleri Aldo
- Relator term: (soggetto)
- Miscellaneous information: Codice Soggetto SPICS: 25384
670 ## - SOURCE DATA FOUND
- Source citation: Work cat.: (IT-RoPau)105030: Lizzani Carlo Codice regista SPICS: 4574 37071, CASA DEL TAPPETO GIALLO (LA) CASA DEL TAPPETO GIALLO (LA) (Rif. Codice opera principale : 26187)